[Event "Club Championships"]
[Site "Wellington Chess Club"]
[Date "2015.11.19"]
[Round "9"]
[White "Wastney, Scott"]
[Black "Sellen, Ian"]
[Result "1/2-1/2"]
[WhiteElo "2439"]
[BlackElo "2077"]

1. e4 c5 2. Nf3 d6 3. d4 cxd4 4. Nxd4 Nf6 5. Nc3 a6 6. Be3 Ng4 7. Bc1 Nf6 {So
far the game has followed the game Pons v Vachier-Lagrave in the European
Championships which was published on the same day this game was played. My plan
was to deal with Scott in the same way as Vachier-Lagrave dealt with Pons.} 8.
a4 {ok time for a change of plan} 8... e5 9. Nf3 Be6 {Not a great move,
inviting white's next, and essentially giving up the white squared bishop and
hence control of the d5 square. } 10. Ng5 Qd7 11. Nxe6 Qxe6 12. Be2 h6 13. O-O
Be7 14. Nd5 {Here I looked forward to the position after my 16th move and
decided that black's position was not too bad. This was a miscalculation.}
14... Nxd5 15. Bg4 Nc3 16. bxc3 Qc4 {I thought this was ok because of white's
ragged pawns, but from now my position becomes quite uncomfortable, as white's
pieces come into play on the files and diagonals.} 17. Rb1 Qc7 18. Qd5 Nc6 19.
Be3 O-O 20. Bb6 Qb8 21. Bd7 ( {This was the move I feared in the game, but
quietly building up pressure with the rooks may have been better, as suggested
by Scott afterwards. Eg} 21. Rfd1 a5 22. Qb5 Na7 23. Qe2 {white is clearly
better.} ) 21... Bd8 22. Be3 Na5 (22... Qc7 $4 23. Rxb7 Qxb7 24. Bxc6) 23. Bf5
(23. Rfd1 $1 Bc7 24. Bb6 Bxb6 25. Rxb6 {and black's position looks horrible} )
23... Qc7 24. Rfd1 Nc4 $6 (24... Qxc3 25. Qxd6 Bc7 26. Qc5 Qxc5 27. Bxc5 Rfd8
{looks playable now} ) 25. Bc1 ( {White should take the pawn now} 25. Rxb7 Nxe3
26. fxe3 Qc5 (26... Qxc3 27. Rxf7 Qxe3+ 28. Kh1 Rxf7 29. Qxa8 $18) 27. Rxf7
Qxd5 (27... Qxe3+ 28. Kh1 Rxf7 29. Qxa8 $18) 28. Rxf8+ Kxf8 29. exd5 {white has
material advantage, although it's not totally straightforward} ) 25... Rb8 26.
Rb4 b5 {giving up a pawn, but freeing my position a little} 27. axb5 axb5 28.
Rxb5 Rxb5 29. Qxb5 Bg5 {Nice to be able to swap off this under-performing
piece, and to take away the 2 bishops from my opponent.} 30. Bxg5 hxg5 31. Qd5
Rb8 32. g3 Kf8 33. Ra1 Nb6 34. Qd2 g6 35. Bg4 Kg7 36. Rd1 Na4 {I have pretty
much achieved equality now} 37. Qxg5 (37. c4 Rb6 38. Be2 $10) 37... Nxc3 38.
Re1 Rb4 39. Bf3 Nb5 40. h4 Nd4 41. Bg2 Qxc2 (41... Qc3 {gives a slight
advantage to black, but I had my eye on the second rank} ) 42. h5 Rb2 43. h6+
{This was quite scary, suddenly, but fortunately for me I had enough time on
my clock to work out what to do} 43... Kh7 44. Qf6 Nf5 $1 ( {Of course not}
44... Kxh6 45. Qh8+ Kg5 46. Qh4#) 45. Qxf7+ Kxh6 46. Qf8+ Kh7 ( {I can even get
away with} 46... Kg5 47. Qd8+ Kh6 48. Qh8+ Kg5) 47. Rf1 Nxg3 $1 (47... Ne3 $1
{works too} ) 48. Qf7+ Kh6 49. Qf8+ Kh7 50. Qe7+ Kg8 51. Bh3 {one last attempt
to create something!} 51... Ne2+ (51... Nxf1 $4 52. Be6+ Kh8 53. Qf8+ Kh7 54.
Bg8+ Kh8 55. Bf7+ Kh7 56. Qg8+ Kh6 57. Qxg6#) 52. Kh2 Nf4 53. Be6+ {the game is
now irrevocably drawn.} 53... Nxe6 54. Qxe6+ Kg7 55. Qd7+ Kg8 56. Qg4 Kg7 57.
Qd7+ Kg8 58. Qg4 Kg7 59. Qd7+ Kg8 {Draw by repetition} 1/2-1/2

[Event "Club Championships"]
[Site "Wellington Chess Club"]
[Date "2015.11.26"]
[Round "2"]
[White "Croad, Nicolas"]
[Black "Perry, Roger"]
[Result "1-0"]
[WhiteElo "2420"]
[BlackElo "2099"]

1. e4 c5 2. Nf3 d6 3. d4 cxd4 4. Nxd4 Nf6 5. Nc3 g6 6. Be3 Bg7 7. f3 Nc6 8. Bc4
O-O 9. Qd2 Bd7 10. O-O-O Rc8 11. Bb3 Ne5 12. h4 h5 13. Bg5 Rc5 14. Kb1 b5 15.
g4 hxg4 16. h5 Nxh5 17. Nd5 Re8 18. Rxh5 gxh5 19. Qh2 Rxd5 20. Bxd5 Qb6 21. Nf5
Bxf5 22. exf5 gxf3 23. Qxh5 Qc5 24. Bf4 Rc8 25. c4 e6 26. fxe6 Rc7 27. exf7+
Nxf7 28. Qxf3 bxc4 29. Bxd6 Qb6 30. Qg2 Rd7 31. Be5 Qh6 32. Rg1 1-0

[Event "Club Championships"]
[Site "Wellington Chess Club"]
[Date "2015.11.26"]
[Round "2"]
[White "Dive, Russell"]
[Black "Ker, Anthony"]
[Result "1-0"]
[WhiteElo "2429"]
[BlackElo "2435"]

1. Nf3 d6 2. d4 Bg4 3. Nbd2 Nf6 4. h3 Bh5 5. g4 Bg6 6. Bg2 c6 7. b3 Nd5 8. Bb2
Qa5 9. a3 Nf4 10. Bf1 h5 11. g5 Be4 12. b4 Qf5 13. Nxe4 Qxe4 14. e3 d5 15. Kd2
Ng6 16. Bd3 Qe6 17. Rc1 Nd7 18. c4 dxc4 19. Rxc4 Qd6 20. Qc2 Rd8 21. Ke2 h4 22.
Rg1 e5 23. dxe5 Qd5 24. Rd4 Qe6 25. Bf5 Qe7 26. Rgd1 1-0

[Event "Club Championships"]
[Site "Wellington Chess Club"]
[Date "2015.11.26"]
[Round "2"]
[White "Stoeveken, Peter"]
[Black "Jackson, Ross"]
[Result "0-1"]
[WhiteElo "1901"]
[BlackElo "1981"]

1. d4 d5 2. c4 c6 3. Nc3 e6 4. Nf3 a6 5. a3 Nf6 6. e3 Nbd7 7. Qc2 Qc7 8. e4
dxe4 9. Nxe4 Nxe4 10. Qxe4 Nf6 11. Qc2 c5 12. Bg5 Be7 13. Bd3 cxd4 14. Nxd4
Qe5+ 15. Be3 Bc5 16. Nf3 Qc7 17. Bxc5 Qxc5 18. O-O O-O 19. b4 Qc7 20. Rfe1 b6
21. Ne5 Bb7 22. Re3 Rad8 23. Rae1 h6 24. Rh3 Rd4 25. Ree3 Rfd8 26. f3 Nd7 27.
Ng4 f5 28. Nf2 Nf8 29. g4 Qf4 30. Qe2 fxg4 31. Nxg4 Bxf3 32. Qxf3 Qxg4+ 33. Rg3
Qxf3 34. Rgxf3 Rg4+ 35. Kf2 {This is where I give up. Imagine the horror of
trying to reconstruct a Stoeveken-Jackson game from their scoresheets} 0-1

[Event "Club Championships"]
[Site "Wellington Chess Club"]
[Date "2015.11.26"]
[Round "3"]
[White "Sellen, Ian"]
[Black "Nijman, Brian"]
[Result "1/2-1/2"]
[WhiteElo "2077"]
[BlackElo "2157"]

1. c4 f5 2. g3 Nf6 3. Nc3 e6 4. e3 Nc6 5. Bg2 Bb4 6. Nge2 O-O 7. O-O Rb8 8. d4
Bxc3 9. Nxc3 Qe7 10. d5 Nd8 11. d6 cxd6 12. Nb5 Nf7 13. Nxa7 b6 14. Nxc8 Rfxc8
15. b3 Ne4 16. Bb2 Qg5 17. f4 Qg6 18. Bf3 Rc6 19. Qe2 d5 20. cxd5 exd5 21. Qd3
Rbc8 22. Rac1 Rxc1 23. Rxc1 Rxc1+ 24. Bxc1 Qe6 25. Bb2 Nfd6 26. Qd4 Ne8 27. Be2
N8f6 28. Bd3 h5 29. Kg2 Qc6 30. Bb1 Kh7 31. Qe5 Kg6 32. Bd3 Qc5 33. Bxe4 fxe4
34. Qg5+ Kf7 35. Bxf6 gxf6 36. Qxh5+ Ke7 37. Qh7+ Kd8 38. Qh8+ Kc7 39. Qa8 Qxe3
40. Qxd5 Qe2+ 41. Kh3 e3 42. Qd4 {+} 42... Qh5+ 43. Kg2 Qe2+ 44. Kh3 Qh5+ 45.
Kg2 Qe2+ 46. Kh3 {Draw by repetition} 1/2-1/2

[Event "Club Championships"]
[Site "Wellington Chess Club"]
[Date "2015.11.26"]
[Round "3"]
[White "Zhao, Aiden"]
[Black "Collings, Alex"]
[Result "1-0"]
[WhiteElo "826"]
[BlackElo "979"]

1. e4 e5 2. Nf3 Nc6 3. Bc4 Nf6 4. Ng5 d5 5. exd5 Nxd5 6. Nxf7 Kxf7 7. Qf3+ Ke6
8. Qg4+ Kf7 9. Qf3+ Ke6 10. Nc3 Nd4 11. Bxd5+ Kd6 12. Qd3 Bf5 13. Be4 Bxe4 14.
Nxe4+ Kd5 15. Nc3+ Ke6 16. O-O Bc5 17. Qc4+ Ke7 18. Qxc5+ Kf7 19. f4 Nc6 20.
fxe5+ Ke6 21. Re1 Qg5 22. d4 1-0

[Event "Club Championships"]
[Site "Wellington Chess Club"]
[Date "2015.11.26"]
[Round "4"]
[White "Forlong-Ford, Colwyn"]
[Black "Aldridge, Alan"]
[Result "0-1"]
[WhiteElo "1752"]
[BlackElo "1939"]

1. e4 c6 2. Bc4 d5 3. exd5 cxd5 4. Bb3 Nf6 5. d4 Nc6 6. h3 Bf5 7. Qf3 Nxd4 8.
Qd1 Nxb3 9. axb3 e6 10. Qd4 b6 11. c4 Bc5 12. Qe5 dxc4 13. bxc4 Bxb1 14. Rxb1
Qd3 15. Qc7 Bb4+ 0-1

[Event "Club Championships"]
[Site "Wellington Chess Club"]
[Date "2015.11.26"]
[Round "4"]
[White "Sole, Christopher"]
[Black "Bennett, Ezra"]
[Result "0-1"]
[WhiteElo "1178"]
[BlackElo "1377"]

1. e4 e5 2. Nf3 Nc6 3. Bc4 Bc5 4. d3 d6 5. O-O Nf6 6. Bg5 O-O 7. Nc3 Be6 8.
Bxe6 fxe6 9. Ne2 Qd7 10. a3 d5 11. Bxf6 Rxf6 12. Ng3 Raf8 13. Re1 a6 14. Qd2
Qd6 15. Qg5 Rg6 16. Qh5 Qd7 17. Nxe5 Nxe5 18. Qxe5 Bxf2+ 19. Kh1 Bxe1 20. Rxe1
Qf7 21. Kg1 Qf2+ 0-1

[Event "Club Championships"]
[Site "Wellington Chess Club"]
[Date "2015.11.26"]
[Round "6"]
[White "Brockway, Andrew"]
[Black "Coghini, Phillip"]
[Result "1/2-1/2"]
[WhiteElo "1772"]
[BlackElo "1814"]

1. e4 (1. e4) 1... e5 2. Nf3 Nc6 3. Bb5 a6 4. Bxc6 dxc6 5. O-O f6 6. d4 Bg4 7.
dxe5 Qxd1 8. Rxd1 Bxf3 9. gxf3 fxe5 10. Be3 Nf6 11. Nd2 O-O-O 12. Nb3 b6 13.
Rxd8+ Kxd8 14. Rd1+ Kc8 15. Rd3 Be7 16. Bg5 h6 17. Be3 g5 18. h3 a5 19. a4 Nh5
20. Nc1 Nf4 21. Bxf4 gxf4 22. Rd2 Rg8+ 23. Kh2 Rg5 24. Nb3 Rg6 25. Nc1 Rg5 26.
Nd3 Bd6 27. Rd1 h5 28. b3 Kb7 29. Nb2 Bc5 30. Nd3 Bd4 31. c4 c5 32. Rg1 Rxg1
33. Kxg1 c6 34. Ne1 Ka6 35. Ng2 b5 36. Nh4 bxa4 37. bxa4 Kb7 38. Nf5 Kc7 39. h4
Kd7 40. Kg2 Ke6 41. Kf1 Bc3 1/2-1/2

[Event "Club Championships"]
[Site "Wellington Chess Club"]
[Date "2015.11.26"]
[Round "10"]
[White "Asplet, Mike"]
[Black "Dixon, Hamish"]
[Result "0-1"]
[WhiteElo "1536"]
[BlackElo "1613"]

1. e4 c5 2. Nf3 Nc6 3. d4 cxd4 4. Nxd4 d6 5. Nc3 g6 6. Be3 Bg7 7. Be2 Nf6 8.
O-O O-O 9. h3 a6 10. Re1 Qc7 11. Nb3 b5 12. a3 Bb7 13. Bf3 Ne5 14. Nd4 Rac8 15.
Nb1 Nxe4 16. Bxe4 Bxe4 17. Re2 Nc4 18. Bg5 Nxb2 19. Qd2 Nc4 20. Qd1 Bxd4 21.
Qxd4 d5 22. Bh6 e5 23. Qc3 Rfe8 24. Nd2 d4 25. Qb4 Bxc2 26. Rc1 d3 27. Ne4 f5
28. Nf6+ Kf7 29. Nxe8 Rxe8 30. Rcxc2 dxc2 31. Rxc2 Rd8 32. Rc1 Rd3 33. Qf8+ Ke6
34. Qe8+ Qe7 35. Qc8+ Qd7 36. Qg8+ Kd6 37. Bf8+ Kc6 38. a4 e4 39. Bb4 Rd1+ 40.
Rxd1 Qxd1+ 41. Kh2 Qd7 42. Qa8+ Qb7 43. Qe8+ Kb6 44. Qd8+ Qc7+ 0-1

[Event "Club Championships"]
[Site "Wellington Chess Club"]
[Date "2015.11.26"]
[Round "10"]
[White "Theodosiou, Andreas"]
[Black "Sole, Michael"]
[Result "0-1"]
[WhiteElo "1386"]
[BlackElo "1657"]

1. e4 e5 2. Nf3 Nc6 3. d4 exd4 4. Nxd4 Bc5 5. Be3 Qe7 6. Nc3 Bb4 7. Qd2 Bxc3 8.
Qxc3 Nxd4 9. Qxd4 Qf6 10. e5 Qg6 11. O-O-O Ne7 12. Bd3 Qe6 13. Bc4 Qg6 14. f4
Nf5 15. Bd3 Nxd4 16. Bxg6 Ne2+ 17. Kd2 hxg6 18. Kxe2 d6 19. Rd4 dxe5 20. fxe5
Bf5 21. c3 Rd8 22. Rxd8+ Kxd8 23. Bxa7 b6 24. a4 Kc8 25. a5 Kb7 26. axb6 cxb6
27. Bxb6 Kxb6 28. h3 Re8 29. g4 Rxe5+ 30. Kd2 Be6 31. Kd3 Rd5+ 32. Ke4 Rd2 33.
b4 0-1

[Event "Club Championships"]
[Site "Wellington Chess Club"]
[Date "2015.11.26"]
[Round "11"]
[White "Meravanage, Satwik"]
[Black "Kulkarni, Yogesh"]
[Result "0-1"]
[WhiteElo "1398"]
[BlackElo "1430"]

1. e4 c6 2. d4 d5 3. e5 Bf5 4. Nf3 h6 5. c4 e6 6. cxd5 cxd5 7. g3 Nc6 8. Bg2
Nb4 9. Na3 Nd3+ 10. Ke2 Qa5 11. Ne1 Nxe1 12. Qxe1 Qa6+ 13. Kd1 Rc8 14. Qe3 Qa4+
15. Qb3 Qxd4+ 16. Bd2 Bxa3 17. Qxa3 Qxf2 18. Qa4+ Rc6 19. Rc1 Ne7 0-1

[Event "Club Championships"]
[Site "Wellington Chess Club"]
[Date "2015.11.27"]
[Round "6"]
[White "Stracy, Don"]
[Black "Barraza, Jesse"]
[Result "0-1"]
[WhiteElo "1807"]
[BlackElo "1710"]

1. e4 d6 2. d4 Nf6 3. Nc3 e5 4. dxe5 dxe5 5. Qxd8+ Kxd8 6. Nf3 Bd6 7. Bc4 Be6
8. Bxe6 fxe6 9. Be3 a6 10. O-O Nc6 11. Rad1 Ke7 12. Nd2 Nd4 13. Bxd4 exd4 14.
Ne2 c5 15. f3 b5 16. Rfe1 c4 17. Nf1 Bc5 18. Kh1 e5 19. Nfg3 g6 20. f4 Ng4 21.
fxe5 Nf2+ 0-1

[Event "Club Championships"]
[Site "Wellington Chess Club"]
[Date "2015.12.03"]
[Round "1"]
[White "Ker, Anthony"]
[Black "Wastney, Scott"]
[Result "0-1"]
[WhiteElo "2435"]
[BlackElo "2439"]

1. e4 e5 2. Nf3 Nc6 3. d4 exd4 4. Nxd4 Bc5 5. Nxc6 bxc6 6. Bc4 Qh4 7. Qe2 Nf6
8. Nc3 O-O 9. g3 Qh3 10. Bg5 Bd4 11. O-O-O Bxc3 12. bxc3 d6 13. Bxf6 Qh6+ 14.
f4 Qxf6 15. e5 Qg6 16. Rde1 Be6 17. exd6 Bxc4 18. Qxc4 Qxd6 19. Qb4 c5 20. Qa5
Rab8 21. Rd1 Qc6 22. c4 Qf6 23. Qa4 Qb2+ 24. Kd2 Qd4+ 25. Ke2 Rbe8+ 26. Kf3
Qe4+ 27. Kg4 Qg6+ 28. Kf3 Qh5+ 29. g4 Qh3+ 30. Kf2 Qe3+ 31. Kg2 Qe2+ 32. Kg3
Re3+ 33. Kh4 Qf2+ 34. Kh5 g6+ 0-1

[Event "Club Championships"]
[Site "Wellington Chess Club"]
[Date "2015.12.03"]
[Round "4"]
[White "Brockway, Andrew"]
[Black "Rossiter, Philip"]
[Result "1/2-1/2"]
[WhiteElo "1772"]
[BlackElo "1886"]

1. e4 e6 2. d4 d5 3. Nd2 Nf6 4. e5 Nfd7 5. Ne2 c5 6. c3 Nc6 7. Nf3 f6 8. exf6
Nxf6 9. Ng3 Bd6 10. Bb5 Bd7 11. O-O Qc7 12. Re1 O-O 13. Bf1 Rae8 14. dxc5 Bxc5
15. Be3 Bd6 16. Nd4 a6 17. Be2 Ne4 18. Bf3 Nxg3 19. hxg3 Ne5 20. Be2 Nc4 21.
Bxc4 dxc4 22. Nf3 Bc6 23. Nd4 Bd5 24. Ne2 b5 25. Bf4 Rd8 26. Bxd6 Rxd6 27. Qc2
Qf7 28. Nf4 Qf6 29. Rad1 Rfd8 30. Nxd5 exd5 31. Rd4 Re6 32. Qd2 Rxe1+ 33. Qxe1
Qd6 34. Qd2 1/2-1/2

[Event "Club Championships"]
[Site "Wellington Chess Club"]
[Date "2015.12.03"]
[Round "7"]
[White "Barraza, Jesse"]
[Black "Forlong-Ford, Colwyn"]
[Result "1-0"]
[WhiteElo "1710"]
[BlackElo "1752"]

1. c4 e5 2. Nc3 Bc5 3. e3 Nc6 4. Nf3 Qf6 5. Ne4 Qe7 6. Nxc5 Qxc5 7. d4 exd4 8.
exd4 Qd6 9. Bd3 Nxd4 10. Nxd4 Qxd4 11. O-O d6 12. Re1+ Be6 13. Be3 Qxb2 14.
Qa4+ c6 15. Rab1 Qc3 16. Bf5 O-O-O 17. Qxa7 Qxe1+ 18. Rxe1 Bxf5 19. Bb6 Nf6 20.
Qa8+ 1-0

[Event "Club Championships"]
[Site "Wellington Chess Club"]
[Date "2015.12.03"]
[Round "7"]
[White "Dive, Russell"]
[Black "Forster, Bill"]
[Result "1-0"]
[WhiteElo "2429"]
[BlackElo "2088"]

1. d4 d5 2. Nf3 Nf6 3. Bg5 e6 4. e3 h6 5. Bh4 Be7 6. Bd3 Ne4 7. Bxe7 Qxe7 8.
O-O Nd7 9. c4 O-O 10. Qc2 Ndf6 11. Ne5 c6 12. f3 Ng5 13. Nc3 Bd7 14. Rfe1 Rfd8
15. c5 Be8 16. b4 b5 17. a4 a6 18. Ra3 a5 19. axb5 axb4 20. Rxa8 Rxa8 21. Na2
cxb5 22. Nxb4 Qc7 23. Rb1 Qa5 24. c6 Ngh7 25. Qc5 Qa7 26. Qxa7 Rxa7 27. Bxb5
Nf8 28. Ba6 1-0

[Event "Club Championships"]
[Site "Wellington Chess Club"]
[Date "2015.12.03"]
[Round "7"]
[White "Nyberg, Michael"]
[Black "Sellen, Ian"]
[Result "0-1"]
[WhiteElo "2122"]
[BlackElo "2077"]

1. c4 {Michael said afterwards he had been planning to play e4 to face either a
Sicilian or a French, but he must have changed his mind at the last minute.}
1... Nf6 2. g3 c6 3. Bg2 e6 4. b3 d5 5. Bb2 Be7 6. Nf3 Nbd7 7. d4 O-O 8. O-O a5
9. Nc3 Rb8 10. a4 b6 11. Rc1 Ba6 {Now that I've got my problematic queen's side
bishop into play I'm quite happy with my position, despite the slightly awkward
looking c pawn} 12. cxd5 exd5 13. Ne5 $6 {a little bit premature} 13... Nxe5
14. dxe5 Nd7 (14... Ng4 15. h3 Nh6 16. Qc2 Bc5 17. Rfd1 {is equal} ) 15. Re1 (
15. f4 Bc5+ 16. Kh1 Be3 17. Rc2 Nc5 {black has nice active pieces} ) 15... Bb4
( {not} 15... Nxe5 16. Nxd5) 16. f4 Nc5 17. Rf1 d4 $1 18. Na2 d3 $1 {throwing
confusion into white's position. although it's sad to say goodby to my black
squared bishop. Black gains the exchange.} 19. exd3 Nxd3 20. Nxb4 axb4 21. Qe2
Nxc1 (21... Nc5 22. Qe3 Bxf1 23. Bxf1 Qd5 24. Bc4 Qe4 {is fine for black, but
not quite as good as the game.} ) 22. Qxa6 Qd3 (22... Nxb3 {is so much better,
I can't remember why I didn't think I could take this pawn} 23. e6 (23. Bxc6
Rc8 24. Bg2 (24. Qb5 Nd4 25. Bxd4 Qxd4+ 26. Kg2 b3 $16) 24... Rc2 $18) 23...
Qd6 24. Be5 Qc5+ 25. Kh1 Rbe8 {black is winning easily} ) 23. Qxd3 Nxd3 24. Bd4
Rfd8 25. Be3 Nc5 (25... c5 26. Bf3 f6 {is better, but I was worrying about my
knight getting trapped.} ) 26. Bxc5 bxc5 27. Bxc6 {black's advantage is now
minimal} 27... Rd3 28. Rb1 c4 $2 {totally overlooking white's 30th move} 29.
bxc4 b3 30. Bb5 Rc3 31. a5 b2 32. Rxb2 Rxc4 (32... Ra3 33. a6 Rxa6 34. Bxa6
Rxb2 {is better} ) 33. Bxc4 Rxb2 34. a6 Kf8 35. Bd5 Rb1+ 36. Kf2 Ra1 {the
position has simplified. Material is nominally level, but white clearly has all
the play now, with the menacing pawns on e5 and a6.} 37. Bb7 (37. Bc4 Ra4 38.
Bb5 Ra3 39. Ke2 Ke7 {black should hold} ) 37... Ke7 38. Ke3 Kd7 39. f5 {Michael
is playing to win} 39... Kc7 40. h4 Ra3+ {I'm happy to keep checking for a
draw} 41. Ke4 Ra4+ 42. Kf3 Ra3+ 43. Kf2 $6 {I don't like this move, giving up a
pawn. I'm not sure what he was thinking} 43... Ra5 44. g4 $6 (44. f6 gxf6 45.
exf6 Rf5+ 46. Ke3 Rxf6 47. Be4 Rxa6 48. Bxh7 {drawish} ) 44... Rxe5 45. Kf3 f6
46. Kf4 Ra5 {And now I think I am winning} 47. Ke4 Ra4+ 48. Kf3 (48. Kd5 Rxg4)
48... h6 49. Kg3 Kd6 50. Kf3 Kc5 {Unnecessarily cautious, just in case white
somehow penetrates on the queen side with his king} 51. Bc8 Kd4 52. Bb7 Ke5 53.
Ke3 Ra3+ 54. Kf2 (54. Kd2 Kf4 55. Kc2 Kxg4 56. Kb2 Ra5 57. Kb3 Kxh4 58. Kb4 Ra1
59. Kb5 h5 60. Kb6 Kg5 61. a7 Rxa7 $1 (61... Kxf5 $4 62. Ba6 {and white wins!}
) 62. Kxa7 Kxf5 {wins for black} ) 54... Kf4 55. g5 fxg5 56. hxg5 hxg5 57. Bc8
g4 58. Kg2 Ra2+ 59. Kf1 Kg3 60. Bb7 Kh2 61. Bc8 g3 62. Bb7 g2+ 63. Ke1 g1=R#
0-1

[Event "Club Championships"]
[Site "Wellington Chess Club"]
[Date "2015.12.03"]
[Round "7"]
[White "Scarlett, William"]
[Black "Collings, Alex"]
[Result "1-0"]
[WhiteElo "1336"]
[BlackElo "979"]

1. e4 e5 2. Nf3 Nc6 3. Bb5 Bd6 4. O-O Nf6 5. d3 Nd4 6. Nxd4 exd4 7. c3 dxc3 8.
Nxc3 O-O 9. Re1 Re8 10. Bg5 h6 11. Bh4 c6 12. Bc4 Be5 13. d4 Bf4 14. e5 1-0

[Event "Club Championships"]
[Site "Wellington Chess Club"]
[Date "2015.12.03"]
[Round "11"]
[White "Sole, Michael"]
[Black "Asplet, Mike"]
[Result "0-1"]
[WhiteElo "1657"]
[BlackElo "1536"]

1. e4 d5 2. exd5 Qxd5 3. Nc3 Qd8 4. d4 Nf6 5. Nf3 Bg4 6. Be2 e6 7. O-O Be7 8.
Re1 Qd6 9. Be3 Nbd7 10. Qd2 O-O-O 11. Nb5 Qb6 12. c4 a6 13. Nc3 Qa5 14. a3 Qh5
15. c5 Nxc5 16. Qc2 Ncd7 17. Rac1 Bd6 18. b4 Bxf3 19. Bxf3 Qxh2+ 20. Kf1 e5 21.
Ne4 exd4 22. Bxd4 Qf4 23. Be3 Qe5 24. Red1 Nxe4 25. Bxe4 Nf6 26. Bf3 Rhe8 27.
Bd4 Qg5 28. Bxb7+ Kxb7 29. Qc6+ Kc8 30. Qxa6+ Kd7 31. Re1 Re6 32. Qc6+ Ke7 33.
Ra1 Qh4 34. Kg1 Qh2+ 0-1

[Event "Club Championships"]
[Site "Wellington Chess Club"]
[Date "2015.12.03"]
[Round "11"]
[White "Wight, Joshua"]
[Black "Cunningham, Patrick"]
[Result "0-1"]
[WhiteElo "1484"]
[BlackElo "1657"]

1. e4 e5 2. Nf3 Nc6 3. Bb5 a6 4. Bxc6 dxc6 5. d3 Bg4 6. Nbd2 Nf6 7. h3 Bxf3 8.
Nxf3 Bd6 9. O-O O-O 10. b3 Re8 11. Bb2 Qd7 12. Re1 Rad8 13. d4 exd4 14. Bxd4
Nxe4 15. Bxg7 Kxg7 16. Qd4+ Nf6 17. Qh4 Qf5 18. Ng5 h6 19. Nf3 Qf4 20. Re3 Qxh4
21. Nxh4 Rxe3 22. Nf5+ Kg6 23. Nxe3 Be5 24. Re1 Bc3 25. Re2 Rd2 26. Rxd2 Bxd2
27. Nc4 Bc3 28. a3 b5 29. Ne3 Bd2 30. Nf1 Bc1 31. a4 Ne4 32. axb5 cxb5 33. f3
Nc3 34. g4 Ne2+ 35. Kf2 Nd4 36. Ng3 Nxc2 37. h4 Nd4 38. Ne4 Nxb3 39. h5+ Kg7
40. Kg3 a5 41. f4 a4 42. g5 a3 43. Nc3 b4 44. Na2 Bd2 45. Kg4 Nc1 46. f5 Bxg5
47. Nxb4 a2 48. Nxa2 Nxa2 49. Kf3 Kf6 50. Ke4 Nc3+ 51. Kd4 Ne2+ 0-1

[Event "Club Championships"]
[Site "Wellington Chess Club"]
[Date "2015.12.04"]
[Round "5"]
[White "Theodosiou, Andreas"]
[Black "Lamerton, Troy"]
[Result "0-1"]
[WhiteElo "1386"]
[BlackElo "1659"]

1. d4 d5 2. c4 Nf6 3. Nc3 c6 4. e3 e6 5. Nf3 Be7 6. Be2 Qc7 7. Ne5 Nbd7 8. Nf3
b6 9. cxd5 Nxd5 10. e4 Nf4 11. Bxf4 Qxf4 12. O-O Bb7 13. d5 Nc5 14. d6 Bxd6 15.
Qd4 O-O 16. b4 Na6 17. g3 c5 18. Qd3 Qf6 19. Qxd6 Qxc3 20. Qd7 Bxe4 21. Bxa6
Qxf3 0-1

[Event "Club Championships"]
[Site "Wellington Chess Club"]
[Date "2015.12.10"]
[Round "1"]
[White "Aldridge, Alan"]
[Black "Stoeveken, Peter"]
[Result "1/2-1/2"]
[WhiteElo "1939"]
[BlackElo "1901"]

1. d4 Nf6 2. Nf3 d5 3. c4 Bg4 4. Nc3 Bxf3 5. exf3 c6 6. Be3 e6 7. Qb3 Qc7 8.
Rc1 dxc4 9. Bxc4 Bd6 10. Ne4 Nxe4 11. fxe4 Nd7 12. e5 Be7 13. O-O Nb6 14. Bd3
Nd5 15. Bd2 Qb6 16. Qa4 Bb4 17. Bc3 O-O 18. Qc2 g6 19. a3 Bxc3 20. bxc3 Rac8
21. Rb1 Qc7 22. Be4 Rb8 23. f4 Ne3 24. Qd3 Nxf1 25. Rxf1 f5 26. exf6 Rxf6 27.
g3 Rd8 28. Rb1 b6 29. c4 Kg7 30. Rd1 Qd7 31. Qf3 e5 32. d5 exf4 33. gxf4 Qd6
34. Rf1 Qc5+ 35. Kh1 Qxc4 36. dxc6 Rdf8 37. Bd5 Qc5 38. Qe4 Qd6 39. Qd4 Rc8 40.
Rc1 Rc7 41. f5 Qxa3 42. Rc3 Qd6 43. fxg6 hxg6 44. Rc4 Kf8 45. Qd2 Kg7 46. Rh4
g5 47. Qxg5+ Rg6 48. Qh5 Kf8 49. Qf3+ Kg7 50. Qh5 Kf8 51. Qf3+ Kg7 52. Qh5 Rh6
53. Rg4+ Rg6 54. Rh4 {Draw agreed!}  (54. Rxg6+ Qxg6 55. Qe5+ Kf8 56. Qxc7)
1/2-1/2

[Event "Club Championships"]
[Site "Wellington Chess Club"]
[Date "2015.12.10"]
[Round "2"]
[White "Wastney, Scott"]
[Black "Nyberg, Michael"]
[Result "1-0"]
[WhiteElo "2439"]
[BlackElo "2122"]

1. e4 e6 2. d4 d5 3. Bd3 Nf6 4. e5 Nfd7 5. Nf3 c5 6. c3 Nc6 7. O-O Be7 8. Be3
Qc7 9. Nbd2 b6 10. Rc1 a5 11. Re1 c4 12. Bc2 b5 13. Ng5 Nf8 14. Qh5 Bxg5 15.
Bxg5 Ne7 16. b3 Nfg6 17. bxc4 bxc4 18. Rb1 h6 19. Be3 Bd7 20. Nf1 Nf5 21. Bc1
Nge7 22. g4 g6 23. Qh3 Ng7 24. Ba3 Bc6 25. Bd6 Qd7 26. Rb2 Nc8 27. Bc5 Qd8 28.
Reb1 Qg5 29. Rb7 Nh5 30. Qf3 f5 31. exf6 Nxf6 32. Rc7 Bd7 33. Rbb7 Nxg4 34. Kh1
Nf6 35. Rxd7 Nxd7 36. Ba4 Qf5 37. Qxf5 gxf5 38. Rxd7 Nb6 39. Rh7+ Nxa4 40.
Rxh8+ Kd7 41. Rxa8 Nxc3 42. Rxa5 Ne4 43. Kg2 c3 44. Ba3 Nd2 45. Bc1 Nc4 46. Rb5
Nd6 47. Rb3 e5 48. Rxc3 Nb5 49. Rc5 Nxd4 50. Rxd5+ Ke6 51. Rxd4 1-0